[Event "XII Festival A"]
[Site "Campobasso ITA"]
[Date "2005.07.09"]
[Round "4"]
[White "Cappai, Davide"]
[Black "Iodice, Fabio"]
[Result "1/2-1/2"]
[WhiteElo "2115"]
[BlackElo "1802"]
[PlyCount "78"]
[EventDate "2005.07.08"]

1. e4 e5 2. Nf3 Nf6 3. Bc4 Nxe4 4. Nc3 Nd6 5. Bb3 Nc6 6. O-O Be7 7. Re1 O-O 8.
Nxe5 Nxe5 9. Rxe5 Bf6 10. Re1 b6 11. d4 Bb7 12. Nd5 Bxd5 13. Bxd5 c6 14. Bf3
Bg5 15. Qd3 Bxc1 16. Raxc1 Qf6 17. c3 Rae8 18. Bg4 Qd8 19. Kf1 Rxe1+ 20. Rxe1
Re8 21. Rxe8+ Nxe8 22. d5 cxd5 23. Qxd5 Nf6 24. Qd4 Nxg4 25. Qxg4 Qc8 26. Qe4
g6 27. Ke1 Qc6 28. Qxc6 dxc6 29. Ke2 f5 30. Ke3 Kf7 31. Kd4 Ke6 32. b4 Kd6 33.
f4 Ke6 34. h3 Kd6 35. a3 Ke6 36. c4 h6 37. g3 a6 38. Kc3 Kd6 39. Kd3 c5 1/2-1/2

[Event "XII Festival A"]
[Site "Campobasso ITA"]
[Date "2005.07.09"]
[Round "4"]
[White "Colucci, Stefano"]
[Black "Sannino, Raffaele"]
[Result "1/2-1/2"]
[WhiteElo "1856"]
[BlackElo "2005"]
[PlyCount "88"]
[EventDate "2005.07.08"]

1. e4 e5 2. Nf3 Nc6 3. Bc4 Bc5 4. b4 Bxb4 5. c3 Ba5 6. d4 exd4 7. O-O Nge7 8.
cxd4 d5 9. exd5 Nxd5 10. Qb3 Nce7 11. Qb5+ c6 12. Qb3 O-O 13. Bg5 Qd6 14. Nbd2
Qb4 15. Qd3 Bf5 16. Qe2 h6 17. a3 Qd6 18. Bh4 Rae8 19. Bg3 Qd8 20. Bb3 Ng6 21.
Qc4 Bc7 22. Qc5 Bxg3 23. fxg3 Bd3 24. Rf2 a6 25. Nc4 Qe7 26. Qa5 Qd8 27. Qd2
Be4 28. Raf1 Nf6 29. Nce5 Bd5 30. Nxg6 Ne4 31. Qb2 fxg6 32. Rc2 Re7 33. Rcc1
Ref7 34. Rfe1 Kh7 35. Bc2 Nd6 36. Ne5 Rf6 37. Qb1 Rf2 38. Bxg6+ Kg8 39. Rc2 Qf6
40. Ng4 Qxg6 41. Nxf2 Qf5 42. Rce2 Qf6 43. Qb6 Nc4 44. Qc7 Qxd4 1/2-1/2

[Event "XII Festival A"]
[Site "Campobasso ITA"]
[Date "2005.07.09"]
[Round "4"]
[White "Damia, Angelo"]
[Black "Fezza, Davide"]
[Result "1-0"]
[WhiteElo "2155"]
[BlackElo "2062"]
[PlyCount "115"]
[EventDate "2005.07.08"]

1. e4 c5 2. Nf3 e6 3. b4 b6 4. bxc5 bxc5 5. d4 cxd4 6. Nxd4 a6 7. Bd3 Qb6 8.
Nb3 Nc6 9. Be3 Qc7 10. O-O Nf6 11. f4 Be7 12. N1d2 d6 13. c3 Bb7 14. Qe2 O-O
15. g4 e5 16. g5 Nd7 17. f5 Rfd8 18. g6 Nf6 19. Bc4 d5 20. exd5 Nxd5 21. Qh5
hxg6 22. fxg6 fxg6 23. Qxg6 Qd6 24. Qf7+ Kh8 25. Rf3 Nxe3 26. Rh3+ Qh6 27.
Rxh6+ gxh6 28. Qh5 Bg5 29. Ne4 Bf4 30. Be6 Nd4 31. Nxd4 Bxe4 32. Ne2 Rg8+ 33.
Bxg8 Rxg8+ 34. Ng3 Nc2 35. Kf2 Bg6 36. Qd1 Nxa1 37. Qxa1 Rd8 38. Ne2 Bg5 39. c4
Bf6 40. Qb2 Rf8 41. Qb7 a5 42. Ng3 Bd3 43. c5 e4 44. Nxe4 Bd4+ 45. Kg2 Bf1+ 46.
Kh1 Bh3 47. Ng3 Re8 48. Qb1 Bxc5 49. Qc1 Re6 50. Qc3+ Kg8 51. Nh5 Rg6 52. Qxc5
Bd7 53. Ng3 a4 54. Kg2 Rf6 55. Qd4 Bc6+ 56. Kg1 Kf7 57. Qc4+ Kg6 58. Qg8# 1-0

[Event "XII Festival A"]
[Site "Campobasso ITA"]
[Date "2005.07.09"]
[Round "4"]
[White "Ficco, Corrado"]
[Black "Voiska, Margarita"]
[Result "1/2-1/2"]
[WhiteElo "2170"]
[BlackElo "2328"]
[PlyCount "75"]
[EventDate "2005.07.08"]

1. e4 c5 2. Nf3 Nc6 3. d4 cxd4 4. Nxd4 Nf6 5. Nc3 e5 6. Ndb5 d6 7. Nd5 Nxd5 8.
exd5 Nb8 9. c4 Be7 10. Be2 a6 11. Nc3 O-O 12. O-O Nd7 13. Kh1 f5 14. f4 Bf6 15.
Be3 exf4 16. Bxf4 Ne5 17. Qd2 Bd7 18. Rac1 Rc8 19. b3 Qe7 20. Be3 Rfe8 21. Nd1
Nf7 22. Bd3 Bg5 23. Bxg5 Qxg5 24. Qxg5 Nxg5 25. Kg1 Ne4 26. Bxe4 Rxe4 27. Nc3
Re5 28. Kf2 Kf7 29. Rfe1 Kf6 30. g3 g5 31. a4 b6 32. Re3 h5 33. Rce1 Rce8 34.
Kf3 h4 35. gxh4 Rh8 36. hxg5+ Kxg5 37. Kg2 Kf6 38. R1e2 1/2-1/2

[Event "XII Festival A"]
[Site "Campobasso ITA"]
[Date "2005.07.09"]
[Round "4"]
[White "Fioravanti, Diego"]
[Black "Petruccioli, Antonio"]
[Result "1/2-1/2"]
[WhiteElo "2150"]
[BlackElo "2083"]
[PlyCount "111"]
[EventDate "2005.07.08"]

1. d4 d5 2. Nf3 Nf6 3. Bf4 e6 4. e3 Be7 5. Bd3 Nbd7 6. h3 O-O 7. Nbd2 c5 8. c3
Qb6 9. Qc2 h6 10. O-O Nh5 11. Bh2 f5 12. Ne5 Bd6 13. Ndf3 Nhf6 14. Ng6 Bxh2+
15. Kxh2 Re8 16. Nfe5 a5 17. Rg1 c4 18. Be2 Nxe5 19. Nxe5 Qc7 20. b3 b5 21.
bxc4 dxc4 22. g3 Bb7 23. Bf3 Bxf3 24. Nxf3 Rec8 25. Rab1 Rab8 26. Ne5 h5 27. f3
b4 28. Rgc1 Nd5 29. cxb4 Rxb4 30. Rxb4 Nxb4 31. Qxc4 Qxc4 32. Rxc4 Rb8 33. g4
hxg4 34. hxg4 Nd5 35. Ra4 Nxe3 36. Rxa5 Rb2+ 37. Kh1 Rb1+ 38. Kh2 Rb2+ 39. Kg1
Rb4 40. Ra8+ Kh7 41. gxf5 Nxf5 42. Nc6 Rc4 43. Ra6 Nxd4 44. Nxd4 Rxd4 45. Rxe6
Ra4 46. Re2 Kg6 47. Kf2 Kf5 48. Rc2 Kf4 49. Ke2 g5 50. Rb2 Ra3 51. Rb5 Rxa2+
52. Kf1 Kxf3 53. Rb3+ Kg4 54. Kg1 Ra4 55. Rc3 Kh4 56. Rb3 1/2-1/2

[Event "XII Festival A"]
[Site "Campobasso ITA"]
[Date "2005.07.09"]
[Round "4"]
[White "Gojani, Mentor"]
[Black "Cordi', Domenico"]
[Result "1-0"]
[WhiteElo "1869"]
[BlackElo "2086"]
[PlyCount "73"]
[EventDate "2005.07.08"]

1. d4 Nf6 2. Bg5 e6 3. e3 h6 4. Bh4 d5 5. Nf3 Be7 6. Bd3 O-O 7. O-O Nbd7 8. c3
c5 9. Bxf6 Bxf6 10. dxc5 Nxc5 11. Bc2 b6 12. Na3 a6 13. Rc1 Bb7 14. b4 Ne4 15.
Nd4 Re8 16. Nb1 Rc8 17. f3 Nd6 18. Qd3 g6 19. Bb3 b5 20. a4 bxa4 21. Bxa4 Re7
22. Nb3 Nc4 23. Nc5 Bc6 24. Bxc6 Rxc6 25. Nd2 Nxd2 26. Qxd2 Qb6 27. Ra1 Ra7 28.
Ra5 Be7 29. Nb3 Rac7 30. Rc1 Rxc3 31. Rxc3 Rxc3 32. Qxc3 Bxb4 33. Rxa6 Qxa6 34.
Qxb4 Qd3 35. Kf2 h5 36. Nd4 h4 37. Qb8+ 1-0

[Event "XII Festival A"]
[Site "Campobasso ITA"]
[Date "2005.07.09"]
[Round "4"]
[White "Grimaldi, Pasquale"]
[Black "D'Innocente, Stefano"]
[Result "0-1"]
[WhiteElo "1910"]
[BlackElo "2276"]
[PlyCount "75"]
[EventDate "2005.07.08"]

1. Nf3 d5 2. d4 Nf6 3. e3 g6 4. c4 Bg7 5. cxd5 O-O 6. Be2 Nxd5 7. O-O Nb6 8.
Nc3 Nc6 9. a3 e5 10. Nxe5 Nxe5 11. dxe5 Bxe5 12. Qc2 Be6 13. g3 Bg7 14. Bf3 c6
15. Bg2 Qe7 16. b3 a5 17. Bb2 a4 18. Nxa4 Nxa4 19. Bxg7 Kxg7 20. bxa4 Ra7 21.
Rfb1 Rfa8 22. Rb6 Bc8 23. Rb4 Ra5 24. Rc1 R8a7 25. Qd1 Be6 26. Rcb1 Bc8 27. Qc2
Bf5 28. e4 Bc8 29. Rc1 h5 30. Bf3 h4 31. g4 Qf6 32. Bd1 Re5 33. Qd2 g5 34. h3
Raa5 35. Kg2 Re8 36. Rd4 Rae5 37. Rd6 Be6 38. f3 0-1

[Event "XII Festival A"]
[Site "Campobasso ITA"]
[Date "2005.07.09"]
[Round "4"]
[White "Leveque, Sergio"]
[Black "Vanacore, Francesco"]
[Result "1/2-1/2"]
[WhiteElo "2109"]
[BlackElo "1868"]
[PlyCount "108"]
[EventDate "2005.07.08"]

1. c4 Nf6 2. g3 g6 3. Bg2 Bg7 4. Nc3 O-O 5. e4 d6 6. Nge2 e5 7. O-O c6 8. d3 a5
9. h3 Nbd7 10. Be3 Re8 11. Qd2 Nf8 12. f4 exf4 13. gxf4 Qc7 14. Ng3 Rb8 15.
Rac1 Qe7 16. Bb6 Ra8 17. b3 N8d7 18. Bf2 h5 19. d4 h4 20. Nge2 Nh5 21. Qe1 Ng3
22. Bxg3 hxg3 23. Qxg3 Bf6 24. e5 Bh4 25. Qf3 Nf8 26. Ne4 dxe5 27. fxe5 Ne6 28.
Rcd1 Rf8 29. N2c3 Ng5 30. Nxg5 Qxg5 31. Ne4 Qe7 32. Nf6+ Kg7 33. Qf4 Rh8 34.
Ne4 Bd7 35. d5 Raf8 36. d6 Qd8 37. c5 Rh5 38. Nf6 Bxf6 39. Qxf6+ Qxf6 40. exf6+
Kg8 41. Rfe1 Be6 42. Rc1 Rd8 43. Re4 Rf5 44. Ra4 Rxf6 45. Rxa5 Rf5 46. Ra7 Rb8
47. b4 Bd5 48. Bxd5 Rxd5 49. Re1 b6 50. Ree7 bxc5 51. bxc5 Rg5+ 52. Kf2 Rf5+
53. Ke3 Kf8 54. Kd4 Rb4+ 1/2-1/2

[Event "XII Festival A"]
[Site "Campobasso ITA"]
[Date "2005.07.09"]
[Round "4"]
[White "Mrdja, Milan"]
[Black "Ortega, Lexy"]
[Result "1-0"]
[WhiteElo "2352"]
[BlackElo "2429"]
[PlyCount "61"]
[EventDate "2005.07.08"]

1. e4 c5 2. Nf3 e6 3. c4 Nc6 4. Nc3 e5 5. g3 d6 6. Bg2 g6 7. d3 Bg7 8. Nd5 h6
9. Be3 Nge7 10. Qd2 Nxd5 11. cxd5 Ne7 12. O-O g5 13. h4 f6 14. b4 b6 15. a4 a5
16. bxc5 bxc5 17. Rab1 O-O 18. Qc1 Ng6 19. Rd1 gxh4 20. Bxh6 h3 21. Bf1 Rf7 22.
Bd2 Bf8 23. Rb2 Bd7 24. Qc4 Be7 25. Nh2 Qe8 26. Ra1 f5 27. exf5 Bxf5 28. Rb5
Ra6 29. Rab1 Nf8 30. f4 exf4 31. Bxf4 {...} 1-0

[Event "XII Festival A"]
[Site "Campobasso ITA"]
[Date "2005.07.09"]
[Round "4"]
[White "Scagliarini, Bruno"]
[Black "Canelli, Daniele"]
[Result "1-0"]
[WhiteElo "1992"]
[BlackElo "2080"]
[PlyCount "123"]
[EventDate "2005.07.08"]

1. c4 e6 2. g3 c5 3. Bg2 Nf6 4. Nf3 d5 5. O-O Be7 6. b3 Nc6 7. Bb2 d4 8. d3 O-O
9. a3 e5 10. Nbd2 Bg4 11. h3 Bf5 12. Nh4 Be6 13. Qc2 Nd7 14. Nhf3 f5 15. e3 h6
16. exd4 exd4 17. b4 cxb4 18. Nxd4 Nxd4 19. Bxd4 Nf6 20. Be5 Qd7 21. axb4 Bxb4
22. Rfb1 a5 23. Bc3 Rad8 24. Bxb4 axb4 25. Rxb4 Qxd3 26. Qxd3 Rxd3 27. Nb3 Bxc4
28. Bf1 b5 29. Bxd3 Bxd3 30. Rd4 Bc4 31. Nc5 Rf7 32. Rd8+ Kh7 33. Nd3 Re7 34.
Nf4 g5 35. Ng2 Nd5 36. h4 f4 37. gxf4 gxf4 38. Raa8 Kg7 39. h5 Kf6 40. Rg8 Ke5
41. Rg6 Bd3 42. Rxh6 Rg7 43. Kh2 f3 44. Nh4 Be4 45. Re8+ Kd4 46. Rhe6 Rg4 47.
Ng6 Bf5 48. Rd6 Kc5 49. Rxd5+ Kxd5 50. Re5+ Kc4 51. Rxf5 Rg2+ 52. Kh3 Rxf2 53.
h6 Rf1 54. Rf4+ Kc3 55. Rh4 Rh1+ 56. Kg3 Rg1+ 57. Kxf3 Rxg6 58. h7 Rf6+ 59. Ke4
Rf8 60. h8=Q+ Rxh8 61. Rxh8 b4 62. Rc8+ 1-0

[Event "XII Festival A"]
[Site "Campobasso ITA"]
[Date "2005.07.09"]
[Round "4"]
[White "Stromboli, Ettore"]
[Black "Ragnoni, Edoardo"]
[Result "1-0"]
[WhiteElo "2192"]
[BlackElo "1802"]
[PlyCount "81"]
[EventDate "2005.07.08"]

1. e4 d6 2. d4 Nf6 3. Nc3 g6 4. f3 Bg7 5. Be3 e6 6. Qd2 Nbd7 7. Bh6 Bxh6 8.
Qxh6 Nh5 9. Bd3 Qf6 10. Nb5 Kd8 11. Ne2 a6 12. Nbc3 Qg7 13. Qg5+ Qf6 14. Qd2
Ke8 15. O-O-O Kf8 16. Kb1 g5 17. g3 c6 18. h4 gxh4 19. Rxh4 Ng7 20. f4 e5 21.
dxe5 dxe5 22. fxe5 Nxe5 23. Rf4 Qe7 24. Nd4 h5 25. Nf5 Qb4 26. Nxg7 Kxg7 27. a3
Qe7 28. Rdf1 Be6 29. Ne2 Rh6 30. Qc3 f6 31. Nd4 Rd8 32. Nf5+ Bxf5 33. Rxf5 c5
34. Be2 Rd4 35. Bxh5 Rxe4 36. g4 Rd4 37. g5 fxg5 38. Qe3 Re6 39. Rxg5+ Kh7 40.
Rh1 Rh6 41. Rxe5 1-0

[Event "XII Festival A"]
[Site "Campobasso ITA"]
[Date "2005.07.09"]
[Round "4"]
[White "Vanzan, Alessandro"]
[Black "Viterbo, Luca"]
[Result "0-1"]
[WhiteElo "1886"]
[BlackElo "1802"]
[PlyCount "86"]
[EventDate "2005.07.08"]

1. c4 f5 2. d4 Nf6 3. Nc3 e6 4. a3 Be7 5. g3 O-O 6. Bg2 d6 7. Nf3 c6 8. O-O
Nbd7 9. Qc2 Qc7 10. b4 Rb8 11. b5 Nb6 12. Qa2 Kh8 13. bxc6 bxc6 14. h3 Ne4 15.
Nxe4 fxe4 16. Ng5 d5 17. c5 Bxg5 18. cxb6 axb6 19. Bxg5 Ba6 20. Qd2 Rbc8 21.
Bf4 Qe7 22. f3 exf3 23. Rxf3 h6 24. Raf1 c5 25. Be5 Kg8 26. Rxf8+ Rxf8 27.
Rxf8+ Qxf8 28. Qb2 b5 29. e4 dxe4 30. Bxe4 b4 31. dxc5 Qf1+ 32. Kh2 bxa3 33.
Qa2 Bc4 34. Bg2 Qd3 35. Qa1 Qe2 36. Kh1 Qc2 37. Bxg7 a2 38. Qf6 Bd5 39. Bxd5
Qd1+ 40. Kg2 Qxd5+ 41. Kf2 Qxc5+ 42. Kf3 Qa5 43. Kg4 Qf5+ 0-1

[Event "XII Festival A"]
[Site "Campobasso ITA"]
[Date "2005.07.09"]
[Round "4"]
[White "Vincenzi, Marco"]
[Black "Strippoli, Michele"]
[Result "1-0"]
[WhiteElo "2053"]
[BlackElo "1808"]
[PlyCount "65"]
[EventDate "2005.07.08"]

1. e4 e6 2. d4 d5 3. Nd2 Nf6 4. e5 Nfd7 5. f4 c5 6. c3 Nc6 7. Ndf3 b6 8. Bd3 a5
9. Qe2 g6 10. Be3 Qc7 11. a3 c4 12. Bc2 b5 13. Nh3 Rb8 14. Bf2 b4 15. axb4 axb4
16. O-O h5 17. Nhg5 Ne7 18. h3 Nb6 19. cxb4 Nc6 20. Be1 Nxb4 21. Bxb4 Bxb4 22.
Ra2 Ra8 23. Rxa8 Nxa8 24. Bxg6 fxg6 25. Qc2 Kf8 26. Nh4 Rg8 27. Nxg6+ Kg7 28.
f5 exf5 29. Rxf5 Bxf5 30. Qxf5 Qb6 31. Ne6+ Kh6 32. Ngf4 Qxe6 33. Qxh5+ 1-0

[Event "XII Festival A"]
[Site "Campobasso ITA"]
[Date "2005.07.10"]
[Round "5"]
[White "Bottega, Antonio"]
[Black "Bocci, Alessandro"]
[Result "1-0"]
[WhiteElo "1814"]
[BlackElo "1947"]
[PlyCount "51"]
[EventDate "2005.07.08"]

1. e4 c5 2. Nf3 Nc6 3. c4 Qc7 4. Nc3 g6 5. b3 Bg7 6. Bb2 Qb8 7. g3 d6 8. Bg2
Nf6 9. Nd5 Bg4 10. Nxf6+ Bxf6 11. Bxf6 exf6 12. h3 Bxf3 13. Bxf3 Nd4 14. O-O
Qc7 15. Bg2 O-O 16. d3 a5 17. Rb1 Qb6 18. Qd2 Qb4 19. Qb2 Ra7 20. a3 Qc3 21.
Qxc3 Ne2+ 22. Kh2 Nxc3 23. Rb2 a4 24. Rc1 axb3 25. Rxc3 Rxa3 26. Rcxb3 1-0

[Event "XII Festival A"]
[Site "Campobasso ITA"]
[Date "2005.07.10"]
[Round "5"]
[White "Capuano, Eugenio"]
[Black "Ljubisavljevic, Zivojin Z."]
[Result "0-1"]
[WhiteElo "2173"]
[BlackElo "2261"]
[PlyCount "44"]
[EventDate "2005.07.08"]

1. d4 Nf6 2. Nf3 e6 3. c4 c5 4. d5 b5 5. Bg5 exd5 6. cxd5 d6 7. e4 a6 8. a4 b4
9. Nbd2 Be7 10. Bf4 O-O 11. Bd3 Nh5 12. Be3 g6 13. O-O a5 14. Qc1 Ba6 15. Bxa6
Rxa6 16. Nc4 Nd7 17. Rd1 f6 18. Nfd2 Ne5 19. Nb3 Kh8 20. f4 Nxc4 21. Qxc4 Ra8
22. Nd2 g5 0-1

[Event "XII Festival A"]
[Site "Campobasso ITA"]
[Date "2005.07.10"]
[Round "5"]
[White "Castrogiovanni, Carlo"]
[Black "Leveque, Sergio"]
[Result "1/2-1/2"]
[WhiteElo "2108"]
[BlackElo "2109"]
[PlyCount "81"]
[EventDate "2005.07.08"]

1. Nf3 d6 2. g3 g6 3. Bg2 Bg7 4. O-O Nf6 5. d3 O-O 6. e4 e5 7. c3 Re8 8. Na3 h6
9. h3 Nc6 10. Be3 Be6 11. Qd2 Kh7 12. c4 a5 13. Kh2 Nb4 14. Nc2 c5 15. Nxb4
axb4 16. a3 Ra4 17. b3 Rxa3 18. Rxa3 bxa3 19. Ra1 b5 20. Rxa3 bxc4 21. bxc4 Qc7
22. Ng1 Rb8 23. Ne2 Nd7 24. Nc3 Nf6 25. Nb5 Qc6 26. Ra7 Ne8 27. Qa5 Rb7 28. Ra6
Qd7 29. f4 Bf8 30. g4 f6 31. f5 Bf7 32. Bf3 Nc7 33. Rb6 Nxb5 34. Rxb7 Qxb7 35.
cxb5 Be8 36. b6 Be7 37. Qa7 Bc6 38. fxg6+ Kxg6 39. Qxb7 Bxb7 40. Bd2 Bd8 41.
Ba5 1/2-1/2

[Event "XII Festival A"]
[Site "Campobasso ITA"]
[Date "2005.07.10"]
[Round "5"]
[White "Cioce, Enrico"]
[Black "Damia, Angelo"]
[Result "0-1"]
[WhiteElo "1840"]
[BlackElo "2155"]
[PlyCount "82"]
[EventDate "2005.07.08"]

1. e4 e5 2. Bc4 Nf6 3. d3 Bc5 4. Nc3 d6 5. Nf3 Be6 6. Bxe6 fxe6 7. Qe2 Nc6 8.
Bd2 Qd7 9. Na4 Bb6 10. Nxb6 axb6 11. a3 Ne7 12. g4 O-O 13. g5 Nh5 14. Nxe5 dxe5
15. Qxh5 Qd4 16. Be3 Qxb2 17. O-O Rxa3 18. Rad1 Qb5 19. Qg4 Qc6 20. h4 Ng6 21.
h5 Nf4 22. d4 Qxe4 23. Bxf4 Qxf4 24. Qxf4 exf4 25. Rfe1 Ra5 26. Rxe6 Rxg5+ 27.
Kf1 Rxh5 28. Rd3 Rhf5 29. c4 Kf7 30. Re2 Re8 31. Rb2 Re7 32. d5 Rf6 33. c5 bxc5
34. Rxb7 c6 35. dxc6 Rxc6 36. Rbd7 Rxd7 37. Rxd7+ Kg6 38. Ke2 c4 39. Kf3 c3 40.
Rd1 c2 41. Rc1 Kf5 0-1

[Event "XII Festival A"]
[Site "Campobasso ITA"]
[Date "2005.07.10"]
[Round "5"]
[White "Cordi', Domenico"]
[Black "Viterbo, Luca"]
[Result "1-0"]
[WhiteElo "2086"]
[BlackElo "1802"]
[PlyCount "53"]
[EventDate "2005.07.08"]

1. e4 c5 2. Nf3 d6 3. d4 cxd4 4. Nxd4 Nf6 5. Nc3 a6 6. Be2 e6 7. O-O Be7 8. Be3
Qc7 9. a4 b6 10. f4 Nbd7 11. Bf3 Bb7 12. Qe2 O-O 13. Kh1 Kh8 14. Bf2 Rac8 15.
Rad1 Rfe8 16. e5 Bxf3 17. Nxf3 dxe5 18. Nxe5 Nxe5 19. fxe5 Nd7 20. Qxa6 Nc5 21.
Qe2 Qc6 22. Bxc5 Bxc5 23. Rxf7 Rf8 24. Rdd7 Rxf7 25. Rxf7 Rd8 26. Qg4 g6 27.
Qh4 1-0

[Event "XII Festival A"]
[Site "Campobasso ITA"]
[Date "2005.07.10"]
[Round "5"]
[White "Di Carlo, Romeo"]
[Black "Colucci, Stefano"]
[Result "1/2-1/2"]
[WhiteElo "2085"]
[BlackElo "1856"]
[PlyCount "85"]
[EventDate "2005.07.08"]

1. d4 Nf6 2. Nf3 c5 3. c3 e6 4. Bf4 d5 5. e3 Be7 6. h3 Nc6 7. Nbd2 Bd7 8. Bd3
Rc8 9. O-O O-O 10. Ne5 cxd4 11. exd4 a6 12. a4 Re8 13. Re1 Bf8 14. Ndf3 g6 15.
g4 Bg7 16. Bg3 Na5 17. Qe2 Nc6 18. Ng5 Rf8 19. f4 Nxe5 20. dxe5 Ne8 21. Bf2 Bh8
22. Bd4 Ng7 23. Qf2 h6 24. Nf3 Ne8 25. Kg2 b5 26. axb5 Bxb5 27. Bxb5 axb5 28.
Bc5 Bg7 29. Bxf8 Bxf8 30. Rec1 Bc5 31. Qe2 Qb6 32. Nd4 Nc7 33. Nc2 Na6 34. b4
Be7 35. Nd4 Rc4 36. Ra5 Nc7 37. Qa2 Bxb4 38. Ra8+ Nxa8 39. Qxa8+ Kg7 40. f5 Bf8
41. fxg6 fxg6 42. Rf1 Be7 43. Qe8 1/2-1/2

[Event "XII Festival A"]
[Site "Campobasso ITA"]
[Date "2005.07.10"]
[Round "5"]
[White "Fezza, Davide"]
[Black "Cappai, Davide"]
[Result "0-1"]
[WhiteElo "2062"]
[BlackElo "2115"]
[PlyCount "68"]
[EventDate "2005.07.08"]

1. e4 c5 2. c3 Nf6 3. e5 Nd5 4. d4 cxd4 5. cxd4 Nc6 6. Nf3 d6 7. Bc4 Nb6 8. Bb5
dxe5 9. Nxe5 Bd7 10. Bxc6 Bxc6 11. Nxc6 bxc6 12. O-O e6 13. Nc3 Bb4 14. Qd3 O-O
15. Rd1 Rc8 16. Bf4 Bxc3 17. bxc3 Qd5 18. Qg3 Kh8 19. Rd3 Rfd8 20. Qh4 f6 21.
Rh3 Qf5 22. Be3 Nc4 23. Rf3 Qg6 24. Rg3 Qf5 25. f4 Rb8 26. Rf3 Rb2 27. Re1 Rxa2
28. Bf2 Rf8 29. g4 Qd5 30. Rh3 h6 31. Qg3 Kg8 32. Rh5 e5 33. Qd3 Rd2 34. Qg6
Qf3 0-1

[Event "XII Festival A"]
[Site "Campobasso ITA"]
[Date "2005.07.10"]
[Round "5"]
[White "Fioravanti, Diego"]
[Black "Borin, Fabio"]
[Result "0-1"]
[WhiteElo "2150"]
[BlackElo "2184"]
[PlyCount "102"]
[EventDate "2005.07.08"]

1. d4 d6 2. e4 Nf6 3. Nc3 e5 4. dxe5 dxe5 5. Qxd8+ Kxd8 6. Bg5 Be6 7. O-O-O+
Nbd7 8. Nf3 Bd6 9. Bb5 Kc8 10. Bxd7+ Nxd7 11. Nd5 Bc5 12. Rd2 f6 13. Bh4 c6 14.
Nc3 Bb4 15. Rhd1 Bxc3 16. bxc3 Nc5 17. Rd6 Kc7 18. Kb1 Rad8 19. Rxd8 Rxd8 20.
Rxd8 Kxd8 21. Nd2 Na4 22. c4 Nb6 23. c5 Na4 24. Nb3 Nc3+ 25. Kb2 Nxe4 26. f3
Bxb3 27. fxe4 Bc4 28. Bf2 Bf1 29. g3 Bg2 30. a3 Bxe4 31. Kc3 Kd7 32. Kd2 Ke6
33. c4 Kf5 34. Ke3 Bg2 35. Ke2 Ke4 36. Be3 Bh3 37. Kf2 Kd3 38. Bc1 Kxc4 39. Be3
g5 40. Kf3 h6 41. Kf2 f5 42. Kf3 Kd3 43. a4 f4 44. gxf4 gxf4 45. Bf2 h5 46. Be1
Bg4+ 47. Kf2 e4 48. Kf1 e3 49. a5 f3 50. Bg3 Kc4 51. h4 Kxc5 0-1

[Event "XII Festival A"]
[Site "Campobasso ITA"]
[Date "2005.07.10"]
[Round "5"]
[White "Grimaldi, Pasquale"]
[Black "Scagliarini, Bruno"]
[Result "0-1"]
[WhiteElo "1910"]
[BlackElo "1992"]
[PlyCount "95"]
[EventDate "2005.07.08"]

1. Nf3 Nf6 2. c4 e6 3. Nc3 d5 4. cxd5 exd5 5. e3 c6 6. Be2 Nbd7 7. d4 Bd6 8.
Qc2 O-O 9. O-O Re8 10. Bd3 Nf8 11. Re1 Bg4 12. Be2 Rc8 13. h3 Bh5 14. Nh2 Bg6
15. Bd3 Bb8 16. Nf1 Qd6 17. Ne2 Ne4 18. Neg3 Nxg3 19. Nxg3 h5 20. Bxg6 Nxg6 21.
e4 dxe4 22. Rxe4 h4 23. Nf1 Qd5 24. f3 Rcd8 25. Be3 f5 26. Rxe8+ Rxe8 27. b3
Bf4 28. Qd2 Bc7 29. Rd1 Kf7 30. Qf2 f4 31. Bc1 Bb6 32. Bb2 c5 33. Qd2 cxd4 34.
Qd3 Ne5 35. Qf5+ Kg8 36. Qxf4 d3+ 37. Kh1 Qc5 38. Nd2 Qc2 39. Rb1 Nf7 40. Qg4
Qxb1+ 41. Nxb1 Re1+ 42. Kh2 Bg1+ 43. Kh1 Bf2+ 44. Kh2 Bg3+ 45. Qxg3 hxg3+ 46.
Kxg3 Rxb1 47. Bc3 Rc1 48. Bd2 0-1

[Event "XII Festival A"]
[Site "Campobasso ITA"]
[Date "2005.07.10"]
[Round "5"]
[White "Gromovs, Sergejs"]
[Black "Mrdja, Milan"]
[Result "1-0"]
[WhiteElo "2375"]
[BlackElo "2352"]
[PlyCount "69"]
[EventDate "2005.07.08"]

1. d4 g6 2. c4 Bg7 3. Nc3 c5 4. d5 Bxc3+ 5. bxc3 f5 6. h4 Nf6 7. h5 Rg8 8. hxg6
hxg6 9. Qa4 Qb6 10. f3 Kd8 11. Rh6 d6 12. Nh3 Bd7 13. Qc2 Qa6 14. a4 Be8 15. e4
fxe4 16. fxe4 Nbd7 17. Be2 Qa5 18. Ng5 Ne5 19. Bf4 Ned7 20. Rb1 Kc8 21. Rb5 Qa6
22. Ne6 b6 23. g4 Nf8 24. e5 Nxe6 25. dxe6 dxe5 26. Bxe5 Qb7 27. Bxf6 exf6 28.
Kf2 Rb8 29. Bf3 Bc6 30. e7 Bxf3 31. Qxg6 Kc7 32. Qxf6 Rbe8 33. a5 Qe4 34. axb6+
Kc8 35. b7+ 1-0

[Event "XII Festival A"]
[Site "Campobasso ITA"]
[Date "2005.07.10"]
[Round "5"]
[White "Iodice, Fabio"]
[Black "Vincenzi, Marco"]
[Result "0-1"]
[WhiteElo "1802"]
[BlackElo "2053"]
[PlyCount "92"]
[EventDate "2005.07.08"]

1. d4 Nf6 2. Nf3 e6 3. c4 c5 4. Nc3 cxd4 5. Nxd4 Nc6 6. Nxc6 bxc6 7. g3 d5 8.
Bg2 Be7 9. O-O O-O 10. e3 Rb8 11. cxd5 exd5 12. b3 Bf5 13. Bb2 Qc8 14. Rc1 Qa6
15. Qd4 Ba3 16. Bxa3 Qxa3 17. Qa4 Qb2 18. Rfe1 Rfd8 19. Qf4 Bg6 20. Bh3 h6 21.
Qf3 Nh7 22. Qe2 Qa3 23. Na4 Ng5 24. Bg2 Qd6 25. Qa6 Rbc8 26. Red1 Be4 27. Bxe4
Nxe4 28. Nc3 Nf6 29. Qe2 Qe7 30. Kg2 Nh7 31. h4 f5 32. Qf3 Nf6 33. Ne2 g6 34.
Nd4 Qe8 35. b4 Ne4 36. Rc2 Nd6 37. Rdc1 Nc4 38. Qf4 Qe4+ 39. Qxe4 fxe4 40. Ne6
Rd6 41. Nd4 Rf6 42. Nb3 Ne5 43. Nc5 Rcf8 44. a3 Kf7 45. Rd1 Ke7 46. Rcd2 Nc4
0-1

[Event "XII Festival A"]
[Site "Campobasso ITA"]
[Date "2005.07.10"]
[Round "5"]
[White "Muolo, Angelo"]
[Black "Gojani, Mentor"]
[Result "0-1"]
[WhiteElo "1873"]
[BlackElo "1869"]
[PlyCount "52"]
[EventDate "2005.07.08"]

1. e4 e5 2. f4 exf4 3. Nf3 d6 4. d4 Bg4 5. Bc4 Nd7 6. O-O Nb6 7. Bb3 g5 8. Nc3
c6 9. Qe1 Qe7 10. Nxg5 Qxg5 11. Bxf4 O-O-O 12. Qg3 h5 13. h3 Nf6 14. hxg4 hxg4
15. Bxf7 Qg7 16. Be6+ Nbd7 17. e5 dxe5 18. dxe5 Nh5 19. Qe3 Nxf4 20. Rxf4 Qh7
21. Qxa7 Qh1+ 22. Kf2 g3+ 23. Kf3 Qxa1 24. Bh3 Rxh3 25. e6 Qf1+ 26. Kg4 Rh4+
0-1

[Event "XII Festival A"]
[Site "Campobasso ITA"]
[Date "2005.07.10"]
[Round "5"]
[White "Ortega, Lexy"]
[Black "Ficco, Corrado"]
[Result "1-0"]
[WhiteElo "2429"]
[BlackElo "2170"]
[PlyCount "102"]
[EventDate "2005.07.08"]

1. d4 d5 2. c4 e6 3. Nc3 Be7 4. Nf3 Nf6 5. Bf4 O-O 6. e3 c5 7. dxc5 Bxc5 8.
cxd5 Nxd5 9. Nxd5 Qxd5 10. Qxd5 exd5 11. Bb5 a6 12. Ba4 Bd7 13. Bxd7 Nxd7 14.
Ke2 Rac8 15. Rac1 Be7 16. Rhd1 Nf6 17. Be5 Rfd8 18. b3 Rxc1 19. Rxc1 Ne8 20.
Nd4 f6 21. Bf4 Kf7 22. g4 Rd7 23. Kd3 g6 24. f3 Bd8 25. Rc8 Ke7 26. h4 Bc7 27.
Ne2 Be5 28. g5 Rd8 29. Rxd8 Kxd8 30. Bxe5 fxe5 31. f4 Nd6 32. Nc3 Nf5 33. Nxd5
Nxh4 34. Nf6 Ke7 35. Nxh7 exf4 36. exf4 Nf5 37. Ke4 Nd6+ 38. Ke5 a5 39. Nf6
Nf7+ 40. Kd5 Nd6 41. Ne4 Nf5 42. Nc3 Ne3+ 43. Ke5 Ng4+ 44. Kd5 Ne3+ 45. Ke4 Nf5
46. Ke5 Nh4 47. Nd5+ Kd8 48. Nb6 Nf3+ 49. Kd5 Ne1 50. Nc4 a4 51. bxa4 Nc2 1-0

[Event "XII Festival A"]
[Site "Campobasso ITA"]
[Date "2005.07.10"]
[Round "5"]
[White "Palladino, Andrea"]
[Black "Ragnoni, Alessandro"]
[Result "0-1"]
[WhiteElo "1814"]
[BlackElo "2086"]
[PlyCount "46"]
[EventDate "2005.07.08"]

1. e4 c5 2. Nf3 d6 3. d4 cxd4 4. Nxd4 Nf6 5. Nc3 g6 6. Be3 Bg7 7. f3 O-O 8. Bc4
Nc6 9. Qd2 Bd7 10. O-O-O Rc8 11. Bb3 Ne5 12. h4 h5 13. Bg5 Rc5 14. g4 hxg4 15.
f4 Nc4 16. Bxc4 Rxc4 17. e5 Nh5 18. Nb3 Be6 19. Rhe1 Re8 20. Ne4 d5 21. Nec5
Bf5 22. c3 b6 23. Nd3 f6 0-1